000
00333nam a2200145Ia 4500
008
150201s2008 xx 000 0 und d
082
_a
611
_b
G08C
100
_a
CHUNG, KYUNG WON
245
_a
GROSS ANATOMY
250
_a
6TH
260
_b
WOLTER KLUWER
_a
PHILADELPHIA
_c
2008
300
_a
498
650
_a
ANATOMY
942
_2
ddc
_c
BK
999
_c
2294
_d
2294